[Event "MCRE_PF17"]
[Site "?"]
[Date "2004.??.??"]
[Round "?"]
[White "Kohler, Josef"]
[Black "Kubikova, Hana"]
[Result "1/2-1/2"]
[WhiteElo "2230"]
[BlackElo "2160"]
[PlyCount "189"]
[EventDate "2004.??.??"]
[EventType "corr"]
[EventRounds "2"]
[SourceDate "2005.03.12"]

1. c4 Nf6 2. Nc3 g6 3. d4 d5 4. Nf3 Bg7 5. Qb3 dxc4 6. Qxc4 O-O 7. e4 Bg4 8.
Be3 Nfd7 9. Qb3 Nb6 10. Rd1 e6 11. Be2 Nc6 12. Ng1 Bxe2 13. Ngxe2 Qe7 14. O-O
Rfd8 15. a3 h6 16. Qc2 Nc4 17. Na4 b5 18. Nac3 a6 19. e5 Qh4 20. Ne4 Ne7 21.
Bc1 Nd5 22. Nc5 a5 23. b3 Ncb6 24. Rd3 Qe7 25. Rh3 Qf8 26. Qd3 b4 27. a4 Nd7
28. Nxd7 Rxd7 29. Qb5 Rdd8 30. Qc6 Rab8 31. Bd2 Rbc8 32. Be3 Qe8 33. Qc5 Qe7
34. Qxa5 c5 35. Qb5 cxd4 36. Nxd4 Nc3 37. Qa6 Bxe5 38. Nf3 Bf6 39. Bxh6 Qd7 40.
Be3 Qd3 41. Bd4 Bxd4 42. Qxd3 Bxf2+ 43. Kxf2 Rxd3 44. Ne5 Rd2+ 45. Kg1 Ne2+ 46.
Kh1 Rc3 47. a5 f6 48. Nc4 Ra2 49. Rhf3 f5 50. g3 Rcc2 51. Ne3 Rc5 52. Nc4 Nd4
53. R3f2 Rxf2 54. Rxf2 Nxb3 55. Rb2 Nxa5 56. Nxa5 Rxa5 57. Rxb4 Ra1+ 58. Kg2
Ra2+ 59. Kg1 Kf7 60. h4 Kf6 61. Rb6 Rd2 62. Kf1 Ke5 63. Kg1 Rc2 64. Rb8 Ra2 65.
Rb7 Ra6 66. Re7 Ra8 67. Rb7 Kf6 68. Kf2 g5 69. hxg5+ Kxg5 70. Rb5 Re8 71. Re5
Kf6 72. Ra5 e5 73. Ra6+ Kg5 74. Ra7 Rb8 75. Rg7+ Kf6 76. Ra7 e4 77. Ke1 Rb5 78.
Ra8 Ke5 79. Ra3 Rc5 80. Ke2 Rc2+ 81. Kf1 Kd4 82. Ra5 Rc5 83. Ra2 Kd3 84. Kf2
Rc3 85. Rb2 Ra3 86. Re2 Ra1 87. Re3+ Kd4 88. Re2 Rh1 89. Rd2+ Ke5 90. Rd8 Rh2+
91. Ke3 Rg2 92. Re8+ Kf6 93. Rf8+ Ke6 94. Rg8 Ra2 95. Rg6+ 1/2-1/2

[Event "MCRE_PF17"]
[Site "?"]
[Date "2004.??.??"]
[Round "?"]
[White "Kubikova, Hana"]
[Black "Jarabinsky, Martin"]
[Result "1-0"]
[WhiteElo "2160"]
[BlackElo "2127"]
[PlyCount "113"]
[EventDate "2004.??.??"]
[EventType "corr"]
[EventRounds "2"]
[SourceDate "2005.03.12"]

1. d4 d5 2. Nf3 Nf6 3. Bg5 e6 4. e3 c5 5. c3 Nbd7 6. Nbd2 Be7 7. Bd3 b6 8. Qa4
O-O 9. Ne5 Bb7 10. Rd1 c4 11. Nxd7 Nxd7 12. Bxe7 Qxe7 13. Bb1 e5 14. Bf5 Nf6
15. dxe5 Qxe5 16. Qc2 g6 17. Bh3 Bc8 18. Bxc8 Raxc8 19. Nf3 Qd6 20. O-O Rfe8
21. Rd4 Rc5 22. Rfd1 a5 23. Ng5 Qc6 24. Nh3 Re5 25. Nf4 b5 26. a3 g5 27. Ne2 h5
28. Rf1 Qe6 29. Rdd1 g4 30. Nd4 Qb6 31. f3 Rg5 32. Qf2 g3 33. hxg3 Rc7 34. Rfe1
a4 35. Ne2 Rc8 36. Rd4 Re5 37. Nf4 Rce8 38. Qd2 Qc5 39. Kh2 Qd6 40. Rd1 h4 41.
gxh4 Rxe3 42. Kg1 R3e5 43. g4 Re3 44. Qf2 Qb8 45. g5 Nh7 46. Kh1 Qe5 47. Qg3
Rd8 48. Rxd5 Rxd5 49. Rxd5 Qe8 50. Nh5 Kh8 51. Kg2 Nf8 52. Qf4 Qe7 53. Qd4+ f6
54. Nf4 Re2+ 55. Kg3 Re1 56. gxf6 Qf7 57. Rg5 1-0

[Event "MCRE_PF17"]
[Site "?"]
[Date "2004.??.??"]
[Round "?"]
[White "Kubikova, Hana"]
[Black "Mezera, Lukas"]
[Result "1-0"]
[WhiteElo "2160"]
[BlackElo "2258"]
[PlyCount "81"]
[EventDate "2004.??.??"]
[EventType "corr"]
[EventRounds "2"]
[SourceDate "2005.03.12"]

1. d4 Nf6 2. c4 c5 3. d5 e6 4. Nc3 exd5 5. cxd5 d6 6. Nf3 g6 7. g3 Bg7 8. Bg2
O-O 9. O-O Nbd7 10. Nd2 Nh5 11. a4 f5 12. Nb5 Ne5 13. f4 Nf7 14. Nc4 Nf6 15. a5
Re8 16. Qd3 Qd7 17. Nc3 Rb8 18. Ra2 b5 19. axb6 axb6 20. b3 b5 21. Na5 b4 22.
Nc6 Rb6 23. Na4 Rb7 24. Na5 Rc7 25. Nb6 Qd8 26. Bb2 Qe7 27. Bf3 Bb7 28. Nbc4
Ne4 29. Bxg7 Kxg7 30. Bxe4 Qxe4 31. Qxe4 Rxe4 32. Nxb7 Rxb7 33. e3 Rd7 34. h3
Nh6 35. Ra6 Ree7 36. Kg2 Ng8 37. g4 fxg4 38. hxg4 Nf6 39. Kf3 h6 40. Rxd6 Rxd6
41. Nxd6 1-0

[Event "MCRE_PF17"]
[Site "?"]
[Date "2004.??.??"]
[Round "?"]
[White "Mezera, Lukas"]
[Black "Kubikova, Hana"]
[Result "1/2-1/2"]
[WhiteElo "2258"]
[BlackElo "2160"]
[PlyCount "55"]
[EventDate "2004.??.??"]
[EventType "corr"]
[EventRounds "2"]
[SourceDate "2005.03.12"]

1. e4 e6 2. d4 d5 3. e5 c5 4. Nc3 Nc6 5. Nf3 Bd7 6. a4 cxd4 7. Nb5 Qb8 8. Bf4
Bb4+ 9. c3 dxc3 10. bxc3 Bc5 11. Bd3 Nge7 12. O-O f5 13. Nd6+ Bxd6 14. exd6 Ng6
15. Bg3 O-O 16. c4 dxc4 17. Bxc4 f4 18. Bh4 Nxh4 19. Nxh4 Ne5 20. Bb3 Nf7 21.
Rc1 Qd8 22. Rc7 Rc8 23. Rxb7 Rc6 24. Rxa7 Rxd6 25. Qh5 Qb6 26. Bc2 h6 27. Ng6
Qxa7 28. Ne7+ 1/2-1/2